000 01024nam a22002417a 4500
003 BR-ViAPE
005 20260514114626.0
008 260514s2013 porco gs|||| 001 0 por d
040 _cBR-ViAPE
245 _aViagem pelas colônias alemãs do Espírito Santo:
_ba população evangélico-alemã no Espírito Santo
260 _aVitória
_bArquivo Público do Estado do Espírito Santo
_c2013
300 _a258 p.
_bil.
_c21cm x 15cm
300 _bLivro disponível em PDF
490 _aColeção Canaã
_vv. 18
500 _aObra disponibilizada em PDF por integrar a Coleção Canaã do APEES.
650 _aImigração
_xAlemã
_xHistória
_zEspírito Santo (Brasil)
651 _aEspírito Santo (Brasil)
700 _aWernicke, Hugo
_eautor
700 _aPaschoal, Erlon José
_etradutor
710 _aArquivo Público do Estado do Espírito Santo
856 _uhttps://ape.es.gov.br/Media/ape/PDF/Livros/LIVRO_ViagemAsColoniasEvangelicasAlemas_Editado.pdf
_yCLIQUE AQUI PARA ACESSAR O DOCUMENTO
942 _2ddc
_cBK
_n1
999 _c664
_d664